| 000 | 00536nam a2200169 4500 | ||
|---|---|---|---|
| 001 | 126119 | ||
| 003 | ES-MaACL | ||
| 005 | 20230906192746.0 | ||
| 007 | t| | ||
| 008 | 070214s1970 sp r ||||1| spa d | ||
| 100 | 1 |
_aReinosa, Rodrigo de. _996066 |
|
| 245 | 1 | 0 |
_aCoplas / _cRodrigo de Reynosa ; [introducción, selección y notas de: Mª Inés Chamorro Fernández]. |
| 260 |
_aMadrid : _bTaurus, _c1970. |
||
| 300 |
_a143 p. ; _c18 cm. |
||
| 700 | 1 |
_aChamorro Fernández, María Inés. _937896 |
|
| 852 |
_aES-MaACL _jC-49188 _bR.76148 |
||
| 999 |
_c126119 _d126119 |
||